| 000 | 00920nam a22002777a 4500 | ||
|---|---|---|---|
| 001 | 9845 | ||
| 003 | FISKH | ||
| 005 | 20260304124659.0 | ||
| 008 | 260304b cb ||||| |||| 00| 0 eng d | ||
| 020 | _a9780064438568 | ||
| 040 |
_aFISKH _beng _cFISKH _dFISKH |
||
| 050 | _aPZ7 .L15957 .R | ||
| 082 | _a641.30022 | ||
| 100 |
_aLaMarche, Jim _eAuthor |
||
| 245 |
_aThe raft / _cJim LaMarche |
||
| 260 |
_aNew York : _bHarper Collins Publishers , _c2000 |
||
| 300 |
_a34 unnumbered pages : _bcolor illustrations ; _c24 x 28 cm |
||
| 505 | _aN | ||
| 520 | _aReluctuant Nicky spends a wonderful summer with Grandma who introduces him to the joy of rafting down the river near her home and watching the animals along the banks. | ||
| 521 | 8 |
_a540
_bLexile AD |
|
| 521 | 8 |
_aN
_bRaz-Plus |
|
| 650 |
_aRealistic fiction _vRivers |
||
| 650 |
_aNature study _vPicture book |
||
| 942 |
_2ddc _cBK _n0 |
||
| 999 |
_c9845 _d9845 |
||